Library Banner

Maqalaat-e-Hafiz Mahmood Shairani (Persian (Record no. 43279)

MARC details
000 -LEADER
fixed length control field 00522nam a2200181Ia 4500
001 - CONTROL NUMBER
control field 45311
008 - FIXED-LENGTH DATA ELEMENTS--GENERAL INFORMATION
fixed length control field 140428s9999 xx 000 0 und d
020 ## - INTERNATIONAL STANDARD BOOK NUMBER
International Standard Book Number NA
040 ## - CATALOGING SOURCE
Transcribing agency PK-LaUMT
082 ## - DEWEY DECIMAL CLASSIFICATION NUMBER
Classification number RHC 891.554
Item number MAQ-
100 ## - MAIN ENTRY--PERSONAL NAME
Personal name Mazhar Mahmood Shairani
245 ## - TITLE STATEMENT
Title Maqalaat-e-Hafiz Mahmood Shairani (Persian
Remainder of title Fardoosi se matallaq mazameen
Statement of responsibility, etc Mazhar Mahmood Shairani
260 ## - PUBLICATION, DISTRIBUTION, ETC. (IMPRINT)
Place of publication, distribution, etc Lahore,Pakistan:
Name of publisher, distributor, etc Majlas-e-Taraqi Adab,
Date of publication, distribution, etc 1968
300 ## - PHYSICAL DESCRIPTION
Extent 510 p.
546 ## - LANGUAGE NOTE
Language note Persian
650 ## - SUBJECT ADDED ENTRY--TOPICAL TERM
Topical term or geographic name as entry element Persian literature
942 ## - ADDED ENTRY ELEMENTS (KOHA)
Koha item type Books
Holdings
Withdrawn status Lost status Damaged status Not for loan Home library Current library Date acquired Total Checkouts Full call number Barcode Date last seen Price effective from Koha item type
        UMT Main Campus UMT Main Campus 2014-04-28   RHC 891.554 MAQ- 49111 2014-05-06 2014-05-06 Books